000 00700nam a2200181 4500
008 011128s1994 enk 0 engYA
020 _a9004100482
090 _aBM487
_b.A3
_bM36
_b1994
100 1 _aMartinez, Florentino Garcia
245 1 0 _aThe Dead Sea scrolls translated :
_bthe Qumran texts in English /
_cFlorentino Garcia Martinez; trans. by Wilfred G. E. Watson.
260 _aLeiden :
_bE. J. Brill,
_cc1994.
300 _axxii, 513 p.
504 _aIncludes bibliographical references
650 4 _aDead Sea scrolls.
700 1 _aWatson, Wilfred G. E.
740 0 2 _aDead Sea scrolls. English. Medina. 1994.
951 _p15477
_x00009040
_oBM487/.A3/M36/1994
_j070613111021968
_d2000-12-21
_cREF
999 _c5085
_d5085